000 00968nam a2200241 a 4500
005 20260112063307.0
039 _a201110210259
_bstaff
_y 201110210257
_z staff
082 _a382.6
_bEXI
245 _aFresh fruits, vegetables, and dairy products :
_bIndia's potential for export to other Asian countries.
260 _a[Mumbai] :
_bQuest Publications,
_c2005.
300 _a132 p. :
_bcol. ill. ;
_c25 cm.
490 _aOccasional paper ;
_v no. 104
520 _aOn fruit trade, vegetable trade, and dairy products export marketing from India; a study.
650 _aFruit trade
_z India.
650 _aVegetable trade
_z India.
650 _aDairy products
_z India.
650 _aExport marketing
_z India.
710 _aExport-Import Bank of India.
830 _aOccasional paper (Export-Import Bank of India) ;
_v no. 104.
991 _aVIRTUA40
991 _aVTLSSORT0080*0820*2450*2600*3000*4900*5200*6500*6501*6502*6503*7100*8300*9992
909 _a4127
999 _c3659
_d3659